Gestô municipal de trńsito Aspectos jurd̕icos e administrativos /

Detalles Bibliográficos
Autor principal: Vieira, Marco Fabrc̕io
Formato: eBook
Lenguaje:portugués
Publicado: San Pablo: Letras Jurídicas Editora, 2019
Materias:
Acceso en línea:Acceso restringido

MARC

LEADER 00000nam a22000007a 4500
005 20200722232725.0
007 cr|||| ||||
008 200722s2019 br |||||s|||| 00||0 por d
020 |a 978-85-8248-145-5 
035 |a 31806 
040 |a vLex 
090 |c 10688  |d 10688 
100 1 |a Vieira, Marco Fabrc̕io 
245 1 0 |a Gestô municipal de trńsito  |h [Recurso electrn̤ico] :  |b Aspectos jurd̕icos e administrativos /  |c Marco Fabrc̕io Vieira 
256 |a Servicio en ln̕ea 
260 |a San Pablo:  |b Letras Jurídicas Editora,  |c 2019 
300 |a 1 recurso electrn̤ico 
500 |a Marco Fabrc̕io Vieira registra nesta obra toda sua experin̊cia acumulada em duas dčadas de exercc̕io profissional relacionado ̉gestô municipal de trńsito. Nela, o autor alia o conhecimento adquirido em anos de vida pb︢lica dedicados como Assessor da Presidn̊cia da Companhia de Engenhariade Trf̀ego Santos (CET-Santos), Conselheiro do Conselho Estadual de Trńsito de Sô Paulo (CETRAN-SP), membro especialista da Cḿara Temt̀ica de Esforȯ Legal do Conselho Nacional de Trńsito (CTEL/CONTRAN), e advogado. A obra traz: inm︢eros aspectos jurd̕icos, administrativos e organizacionais ligados ̉gestô municipal do trńsito a t̤ica dos profissionais do trńsito e a interpretaȯ̂ dos nossos tribunais para diversos temas afetos ̉gestô do trńsito centenas de comentr̀ios, anotaė̳s e refern̊cias um fluxograma dos prazos dos decadencial e prescricional no processo de imposiȯ̂ de penalidade um fluxograma detalhado do processo administrativo para imposiȯ̂ de penalidade toda legislaȯ̂ de trńsito afeta ̉gestô municipal de trńsito leiautes de uniformes e de viaturas 
506 1 |a Disponible solo en los productos indicados  |d vLex Global  |d vLex Global (Academic Edition, excluding Law Schools)  |d vLex Global (U.S. Academic Edition, Law Schools)  |d vLex Global (U.S. Academic Edition, excluding Law Schools)  |d vLex Global (Academic Edition, Law Schools) 
650 0 4 |a Derecho Pb︢lico y Administrativo  |z Brasil 
650 0 4 |a Procedimiento Contencioso-Administrativo  |z Brasil 
740 0 |a vLex Libros (Servicio en ln̕ea) 
856 4 0 |u http://vlex.com/source/gest-o-municipal-de-tr-nsito-aspectos-juridicos-e-administrativos-31806  |z Acceso restringido 
942 |c BOOK 
999 0 |a Public and Administrative Law 
999 0 |a Contentious-Administrative Procedure